Movies Quiz

Random Movies or Actor Quiz

You Know, THAT Movie (Mixed Up Roles) Quiz Stats

 Plays Quiz Updated May 16, 2018

Challenge
Share
Tweet
Embed
Score 0/20 Timer 07:00
1 Play Today
Mixed-up description Movie % Correct
You know, that movie where Mr. Holland and Buddy Russo go on Gen. Custer's boat to kill a shark.Jaws
85.4%
You know, that movie where Danny Ocean and Scarlet Overkill try to survive an accident in space with the help of Gene Kranz.Gravity
81.6%
You know, that movie where Forrest Gump rescues Jason Bourne during World War II.Saving Private Ryan
79.2%
You know, that movie where Han Solo and Gimli find the Ark of the Covenant only to have Porkins take it away from them.Raiders of the Lost Ark
72.2%
You know, that movie where Adam Maitland joins James Bond and Alan Grant to hide a submarine (with some help from Darth Vader).The Hunt for Red October
72.1%
You know, that movie where Mary Poppins leaves the convent to marry Charles Muntz and sing for the Caterpillar.The Sound of Music
71.5%
You know, that movie where John Blutarsky and Joe Friday have to raise $5,000 and deliver it to Steven Spielberg to save the convent.The Blues Brothers
65.5%
You know, that movie where Harry Stamper stops Snape despite the ineptitude of Principal Vernon and the reporting of Walter Peck.Die Hard
61.7%
You know, that movie where President Coin and the Fly escape from dinosaurs with a wedding crasher.The Lost World: Jurassic Park
60.5%
You know, that movie where Ripley hires Carl Spackler and Beldar Conehead to save her and Dark Helmet.Ghostbusters
56.7%
Mixed-up description Movie % Correct
You know, that movie where Will Turner and Magneto trap Count Dooku in his tower.The Lord of the Rings: The Two Towers
55.3%
You know, that movie where Lex Luthor and Ruby lead Grampa Joe and others to safety after their ship flips.The Poseidon Adventure
44.8%
You know, that movie where Samuel Gerard and John Hancock stop Orson Welles from stealing the galaxy.Men in Black
43.5%
You know, that movie where Dr Montague gets Yogurt to appoint Peewee as Sheriff, to help build a railroad through Willy Wonka's town.Blazing Saddles
42.8%
You know, that movie where Yoda dates a frog who works for Alfred the Butler at Christmastime.The Muppet Christmas Carol
35.6%
You know, that movie where Adm. Nimitz, Piglet and Clark's father-in-law Art try to decide if a kid is guilty of murder.12 Angry Men
31%
You know, that movie where Ray Babbitt and Rod Tidwell fly a helicopter to save the world despite Hawkeye Pierce's interference.Outbreak
14.7%
You know, that movie where Beca and Juliet escape from Captain Jack Sparrow and Julia Child, only to see Juliet die running from Madame Maxime.Into the Woods
10.7%
You know, that movie where Ilsa Lund and Bob Wallace team up to prevent Horace the angel from tearing down a church.The Bells of St. Mary's
7.8%
You know, that movie where Captain Kirk has to get permission from the Hulk to get married and then has to go rescue Robert Ford.The Finest Hours
3.1%

You're not logged in!

Compare scores with friends on all Sporcle quizzes.
OR
Log In

You Might Also Like...

Show Comments

Extras

Top Quizzes Today


Score Distribution

Your Account Isn't Verified!

In order to create a playlist on Sporcle, you need to verify the email address you used during registration. Go to your Sporcle Settings to finish the process.

Report this User

Report this user for behavior that violates our Community Guidelines.

Details: